000 00304nam a22001217a 4500
008 170126b xxu||||| |||| 00| 0 eng d
020 _a0721660304
041 _aeng
080 _219TH
_a61
101 _aMM
245 _aCLINICAL DIAGNOSIS ANDMANAGEMENT BY LABORATORY METHODS
_cHENRY, J.B
942 _2udc
_cBK
999 _c3784
_d3784